| 000 | 00601nam a2200229Ia 4500 | ||
|---|---|---|---|
| 003 | OSt | ||
| 005 | 20220926044522.0 | ||
| 006 | a|||||r|||| 00| 0 | ||
| 007 | ta | ||
| 008 | 220923b |||||||| |||| 00| 0 eng d | ||
| 037 | _cGeneral Book | ||
| 040 |
_aRTL _cRTL _beng |
||
| 041 |
_2eng _aeng |
||
| 082 | _aU8.247.N2, F2.1 | ||
| 100 |
_aMason Kenneth _9349115 |
||
| 245 | 0 | _aRoutes in the Western-Hmalaya Kashmir & C. with wh | |
| 260 | _c1922 | ||
| 490 | _vV1 | ||
| 650 |
_aTravels _9238248 |
||
| 942 |
_hU8.247.N2, F2.1 _cGB _2CC |
||
| 999 |
_c675069 _d675069 |
||